Miasta w Polsce zakończone na -m na mapie - Statystyki

Ogólne statystyki
  • Ten quiz został rozwiązany 446 razy
  • Średni wynik to 6 z 12
Odpowiedzi na mapie
Odpowiedzi zakodowano w zielono-czerwonej skali na mapie do tego quizu, zgodnie z poniższymi procentami.
 
Statystyki odpowiedzi
Województwo Miasto % Poprawnych
Mazowieckie Radom
95%
Śląskie Bytom
79%
Lubelskie Chełm
78%
Małopolskie Oświęcim
64%
Pomorskie Sztum
48%
Wielkopolskie Śrem
45%
Małopolskie Wolbrom
37%
Dolnośląskie Strzegom
33%
Warmińsko-mazurskie Pasym
24%
Lubuskie Torzym
24%
Mazowieckie Zakroczym
23%
Podkarpackie Rudnik nad Sanem
20%
Nie znaleziono quizów pasujących do podanych kryteriów
Rozkład punktacji
Procent ludzi z każdym wynikiem
Percentyl według liczby udzielonych odpowiedzi
Twoja historia wyników
Nie rozwiązałeś tego quizu